Episodes Malcolm Saison 1 - Statistiques

Statistiques générales
  • Ce quiz a été pris 45 fois
  • Le résultat moyen est 2 sur 16
Statistiques - réponses
Réponse % Correct
Je ne suis pas un monstre
67%
Alerte rouge
33%
Le liquidateur
33%
Le mot de trop
33%
Lundimanche
33%
Pom pom boy
33%
A fond la caisse
0%
Changement de famille
0%
Honte
0%
La petite évasion
0%
Le robot tueur
0%
Les funérailles
0%
Ma mère ce héros
0%
Panique au pique-nique
0%
Poquito cabeza
0%
Seuls à la maison
0%
Aucun quiz correspondant
Distribution des résultats
% des personnes avec chaque résultat
Percentile par nombre de réponses
Votre historique - résultats
Vous n’avez pas pris ce quiz